Library Banner

Dastoor e Hind (mutafriqaat)/ (Record no. 109578)

MARC details
000 -LEADER
fixed length control field 00344nam a22001217a 4500
005 - DATE AND TIME OF LATEST TRANSACTION
control field 20181214110051.0
008 - FIXED-LENGTH DATA ELEMENTS--GENERAL INFORMATION
fixed length control field 181214b ||||| |||| 00| 0 eng d
040 ## - CATALOGING SOURCE
Transcribing agency PK-LaUMT
082 ## - DEWEY DECIMAL CLASSIFICATION NUMBER
Classification number RHC 342.54
Item number DAS-
245 ## - TITLE STATEMENT
Title Dastoor e Hind (mutafriqaat)/
260 ## - PUBLICATION, DISTRIBUTION, ETC. (IMPRINT)
Place of publication, distribution, etc نئی دہلی:
Name of publisher, distributor, etc مرکزی مکتبہ اسلامی پبلشرز
942 ## - ADDED ENTRY ELEMENTS (KOHA)
Koha item type Books
Holdings
Withdrawn status Lost status Damaged status Home library Current library Date acquired Full call number Barcode Date last seen Price effective from Koha item type
      UMT Main Campus UMT Main Campus 2018-12-14 RHC 342.54 DAS- 127045 2018-12-14 2018-12-14 Books